header

The new Home Office (Record no. 23413)

MARC details
000 -LEADER
fixed length control field 01374nam a2200337Ia 4500
100 1# - MAIN ENTRY--AUTHOR NAME
Personal name Gibson, Bryan.
245 14 - TITLE STATEMENT
Title The new Home Office
250 ## - EDITION STATEMENT
Edition statement 2nd ed.
260 ## - PUBLICATION, DISTRIBUTION, ETC. (IMPRINT)
Place of publication Hook, U.K. :
Name of publisher Waterside Press ;
Place of publication Portland, Or. :
Name of publisher North American distributor, International Specialised Book services,
Year of publication c2008.
300 ## - PHYSICAL DESCRIPTION
Number of Pages xii, 172 p.
500 ## - GENERAL NOTE
General note Includes index.
650 #0 - SUBJECT ADDED ENTRY--TOPICAL TERM
Topical Term Crime prevention
Topical Term Internal security
856 40 - ELECTRONIC LOCATION AND ACCESS
Uniform Resource Identifier http://site.ebrary.com/lib/rucke/Doc?id=10696094

No items available.

© 2026 Rongo University
Contact us: librarian | system librarian | Rongo university